[Event "Blitz 2018"]
[Site "Saint-Petersburg"]
[Date "2018.12.29"]
[Round "11"]
[Board "61"]
[White "Hakobyan Aram (ARM)"]
[Black "Yu Yangyi (CHN)"]
[Result "1/2-1/2"]
[LiveChessVersion "1.4.8"]
[BlackElo "2804"]
[WhiteElo "2451"]

1. d4 Nf6 2. c4 e6 3. Nf3 {[%clk 0:03:05]} d5 {[%clk 0:03:07]} 4. Nc3
{[%clk 0:03:06]} Be7 {[%clk 0:03:07]} 5. Bg5 {[%clk 0:03:07]} h6 {[%clk 0:03:08]}
6. Bxf6 Bxf6 7. e3 {[%clk 0:03:03]} O-O {[%clk 0:03:09]} 8. Qc2 {[%clk 0:02:58]}
Nc6 {[%clk 0:03:07]} 9. Rd1 {[%clk 0:02:56]} b6 {[%clk 0:03:06]} 10. a3
{[%clk 0:02:55]} Bb7 {[%clk 0:03:07]} 11. Be2 {[%clk 0:02:55]} Ne7
{[%clk 0:03:02]} 12. O-O {[%clk 0:02:50]} Rc8 {[%clk 0:02:50]} 13. b4
{[%clk 0:02:27]} c5 {[%clk 0:02:34]} 14. dxc5 {[%clk 0:02:28]} bxc5
{[%clk 0:02:35]} 15. Ne4 {[%clk 0:02:21]} cxb4 {[%clk 0:02:31]} 16. Nxf6+
{[%clk 0:02:21]} gxf6 {[%clk 0:02:32]} 17. axb4 {[%clk 0:02:22]} Qc7
{[%clk 0:02:28]} 18. c5 {[%clk 0:02:18]} e5 {[%clk 0:01:39]} 19. Ra1
{[%clk 0:02:14]} Ra8 {[%clk 0:01:40]} 20. b5 {[%clk 0:02:09]} Kh8
{[%clk 0:01:28]} 21. c6 {[%clk 0:02:08]} Bc8 {[%clk 0:01:29]} 22. Qc5
{[%clk 0:02:02]} Rg8 {[%clk 0:01:31]} 23. g3 {[%clk 0:01:52]} Be6
{[%clk 0:01:30]} 24. Ra3 {[%clk 0:01:46]} Nc8 {[%clk 0:01:25]} 25. Rfa1
{[%clk 0:01:41]} Rb8 {[%clk 0:01:26]} 26. Bd1 {[%clk 0:01:17]} Rb6
{[%clk 0:01:20]} 27. Bb3 {[%clk 0:01:15]} Rd8 {[%clk 0:01:17]} 28. Ra6
{[%clk 0:00:58]} Nd6 {[%clk 0:01:04]} 29. Rxa7 {[%clk 0:00:53]} Rxb5
{[%clk 0:01:04]} 30. Qc2 {[%clk 0:00:36]} Qb6 {[%clk 0:01:03]} 31. R1a6
{[%clk 0:00:28]} Qc5 {[%clk 0:00:42]} 32. c7 {[%clk 0:00:28]} Rd7
{[%clk 0:00:34]} 33. Ra8+ {[%clk 0:00:22]} Kg7 {[%clk 0:00:34]} 34. c8=Q
{[%clk 0:00:17]} Nxc8 {[%clk 0:00:34]} 35. Rxc8 {[%clk 0:00:16]} Qxc2 36. Bxc2
{[%clk 0:00:18]} d4 {[%clk 0:00:14]} 37. exd4 {[%clk 0:00:13]} exd4
{[%clk 0:00:15]} 38. Ra3 {[%clk 0:00:05]} d3 {[%clk 0:00:12]} 39. Bd1
{[%clk 0:00:03]} Rb1 {[%clk 0:00:13]} 40. Kg2 {[%clk 0:00:03]} Rxd1
{[%clk 0:00:14]} 41. Raa8 {[%clk 0:00:05]} f5 {[%clk 0:00:13]} 42. Ne5
{[%clk 0:00:05]} Bd5+ {[%clk 0:00:14]} 43. Kh3 {[%clk 0:00:06]} Bxa8
{[%clk 0:00:14]} 44. Nxd7 {[%clk 0:00:07]} Ra1 {[%clk 0:00:13]} 45. Nb6
{[%clk 0:00:03]} d2 {[%clk 0:00:13]} 46. Rd8 d1=Q {[%clk 0:00:12]} 47. Rxd1
{[%clk 0:00:06]} Rxd1 {[%clk 0:00:13]} 48. Nxa8 {[%clk 0:00:07]} f4
{[%clk 0:00:10]} 49. Nb6 {[%clk 0:00:07]} fxg3 {[%clk 0:00:10]} 50. hxg3
{[%clk 0:00:08]} Rd2 {[%clk 0:00:11]} 51. Kg2 {[%clk 0:00:09]} Kg6
{[%clk 0:00:11]} 52. Nc4 {[%clk 0:00:10]} Rc2 {[%clk 0:00:10]} 53. Ne3
{[%clk 0:00:10]} Ra2 {[%clk 0:00:13]} 54. Kf3 {[%clk 0:00:11]} Kg5
{[%clk 0:00:13]} 55. Ng2 {[%clk 0:00:11]} h5 {[%clk 0:00:14]} 56. Ne3
{[%clk 0:00:09]} Ra3 {[%clk 0:00:14]} 57. Ke4 {[%clk 0:00:08]} Ra2
{[%clk 0:00:14]} 58. Kf3 {[%clk 0:00:07]} Ra4 {[%clk 0:00:15]} 59. Ng2
{[%clk 0:00:07]} f5 {[%clk 0:00:15]} 60. Ne3 {[%clk 0:00:03]} Ra3
{[%clk 0:00:13]} 61. Kg2 {[%clk 0:00:04]} Ra5 {[%clk 0:00:14]} 62. Nc4
{[%clk 0:00:05]} Ra4 {[%clk 0:00:15]} 63. Nd2 {[%clk 0:00:05]} Ra2
{[%clk 0:00:14]} 64. Nf3+ {[%clk 0:00:07]} Kg4 {[%clk 0:00:14]} 65. Nh2+
{[%clk 0:00:08]} Kg5 {[%clk 0:00:16]} 66. Nf3+ {[%clk 0:00:10]} Kf6
{[%clk 0:00:17]} 67. Nh4 {[%clk 0:00:10]} Ra4 {[%clk 0:00:17]} 68. Kf3
{[%clk 0:00:11]} Kg5 {[%clk 0:00:18]} 69. Ng2 {[%clk 0:00:12]} Ra3+
{[%clk 0:00:19]} 70. Ne3 {[%clk 0:00:13]} Rb3 {[%clk 0:00:18]} 71. Kg2
{[%clk 0:00:12]} f4 {[%clk 0:00:19]} 72. gxf4+ Kxf4 73. Nd5+ {[%clk 0:00:12]} Kg5
{[%clk 0:00:20]} 74. Ne3 {[%clk 0:00:13]} Rb2 {[%clk 0:00:20]} 75. Nc4
{[%clk 0:00:09]} Ra2 {[%clk 0:00:20]} 76. Ne5 {[%clk 0:00:10]} Kf5
{[%clk 0:00:19]} 77. Nc4 {[%clk 0:00:10]} Kf4 {[%clk 0:00:19]} 78. Ne3
{[%clk 0:00:11]} Ra8 {[%clk 0:00:20]} 79. Nd5+ {[%clk 0:00:10]} Ke4
{[%clk 0:00:21]} 80. Nf6+ {[%clk 0:00:12]} Kd3 {[%clk 0:00:18]} 81. Nxh5
{[%clk 0:00:12]} Rf8 {[%clk 0:00:17]} 82. Ng3 {[%clk 0:00:13]} Kd2
{[%clk 0:00:19]} 83. Ne4+ {[%clk 0:00:12]} Ke2 {[%clk 0:00:19]} 84. Ng3+
{[%clk 0:00:15]} Ke1 {[%clk 0:00:21]} 85. Ne4 {[%clk 0:00:16]} Rf4
{[%clk 0:00:22]} 86. f3 {[%clk 0:00:17]} Ke2 {[%clk 0:00:22]} 87. Ng3+
{[%clk 0:00:18]} Ke3 {[%clk 0:00:24]} 88. Nf1+ {[%clk 0:00:19]} Ke2
{[%clk 0:00:25]} 89. Ng3+ {[%clk 0:00:20]} Kd3 {[%clk 0:00:26]} 90. Kf2
{[%clk 0:00:21]} Ra4 {[%clk 0:00:26]} 91. Nf5 {[%clk 0:00:21]} Ra5
{[%clk 0:00:25]} 92. Nd6 {[%clk 0:00:18]} Ra6 {[%clk 0:00:22]} 93. Ne4
{[%clk 0:00:19]} Ra2+ {[%clk 0:00:23]} 94. Kg3 Ke3 95. Nf6 {[%clk 0:00:17]} Ra8
{[%clk 0:00:19]} 96. Ng4+ {[%clk 0:00:18]} Kd4 {[%clk 0:00:20]} 97. Nf2
{[%clk 0:00:14]} Rf8 {[%clk 0:00:20]} 98. Ng4 {[%clk 0:00:15]} Kd3
{[%clk 0:00:21]} 99. Ne5+ {[%clk 0:00:15]} Ke3 {[%clk 0:00:20]} 100. Ng4+
{[%clk 0:00:16]} Ke2 {[%clk 0:00:21]} 101. Ne5 {[%clk 0:00:17]} Rf5 102. f4 Ke3
{[%clk 0:00:21]} 103. Ng4+ {[%clk 0:00:20]} Ke4 {[%clk 0:00:19]} 104. Nf2+
{[%clk 0:00:21]} Ke3 {[%clk 0:00:19]} 105. Ng4+ Kd4 106. Nh6 {[%clk 0:00:21]} Rf6
{[%clk 0:00:20]} 107. Ng4 {[%clk 0:00:22]} Rf8 {[%clk 0:00:20]} 108. Kf3
{[%clk 0:00:22]} Kd5 {[%clk 0:00:20]} 109. Ne3+ {[%clk 0:00:23]} Kd4
{[%clk 0:00:20]} 110. Ng4 {[%clk 0:00:24]} Rf7 {[%clk 0:00:21]} 111. Ne5
{[%clk 0:00:25]} Rh7 {[%clk 0:00:20]} 112. Nc6+ {[%clk 0:00:23]} Kd5
{[%clk 0:00:20]} 113. Ne5 {[%clk 0:00:24]} Rh3+ {[%clk 0:00:21]} 114. Kg4
{[%clk 0:00:26]} Rh8 {[%clk 0:00:22]} 115. Ng6 {[%clk 0:00:25]} Rh1
{[%clk 0:00:16]} 116. Kf5 {[%clk 0:00:26]} Kd6 {[%clk 0:00:16]} 117. Kf6
{[%clk 0:00:27]} Rf1 {[%clk 0:00:17]} 118. f5 {[%clk 0:00:29]} Rf2
{[%clk 0:00:18]} 119. Ne5 {[%clk 0:00:27]} Kd5 {[%clk 0:00:16]} 120. Ng6
{[%clk 0:00:24]} Rf1 {[%clk 0:00:12]} 121. Ne7+ {[%clk 0:00:24]} Kd6
{[%clk 0:00:13]} 122. Ng6 {[%clk 0:00:24]} Rf2 {[%clk 0:00:12]} 123. Ne7
{[%clk 0:00:25]} Kd7 {[%clk 0:00:12]} 124. Ng6 {[%clk 0:00:25]} Rf1
{[%clk 0:00:13]} 125. Ne5+ {[%clk 0:00:26]} Kd6 {[%clk 0:00:13]} 126. Ng6
{[%clk 0:00:27]} Rf2 {[%clk 0:00:14]} 127. Ne5 {[%clk 0:00:28]} Kd5
{[%clk 0:00:14]} 128. Ng6 {[%clk 0:00:29]} Ke4 {[%clk 0:00:10]} 129. Ne7
{[%clk 0:00:30]} Ra2 {[%clk 0:00:11]} 130. Kf7 {[%clk 0:00:25]} Ke5
{[%clk 0:00:11]} 131. f6 {[%clk 0:00:24]} Ra6 {[%clk 0:00:09]} 132. Ng6+
{[%clk 0:00:25]} Kf5 {[%clk 0:00:10]} 133. Ne7+ {[%clk 0:00:24]} Kg5
{[%clk 0:00:11]} 134. Ng8 {[%clk 0:00:24]} Ra7+ {[%clk 0:00:12]} 135. Ke6
{[%clk 0:00:23]} Ra6+ 136. Kf7 {[%clk 0:00:24]} Ra7+ {[%clk 0:00:10]} 137. Ke6
{[%clk 0:00:25]} Ra8 {[%clk 0:00:08]} 138. Ne7 {[%clk 0:00:22]} Ra6+
{[%clk 0:00:09]} 139. Kd7 {[%clk 0:00:22]} Kxf6 {[%clk 0:00:09]} 140. Nd5+
{[%clk 0:00:23]} Ke5 {[%clk 0:00:11]} 141. Nc7 {[%clk 0:00:16]} Rh6
{[%clk 0:00:10]} 142. Ne8 {[%clk 0:00:15]} Rg6 {[%clk 0:00:10]} 143. Nc7
{[%clk 0:00:16]} Rd6+ {[%clk 0:00:11]} 144. Ke7 {[%clk 0:00:17]} Rd1
{[%clk 0:00:11]} 145. Ne6 {[%clk 0:00:17]} Rd2 {[%clk 0:00:09]} 146. Nc5
{[%clk 0:00:16]} Ra2 {[%clk 0:00:06]} 147. Nd7+ {[%clk 0:00:18]} Kd5
{[%clk 0:00:08]} 148. Nf6+ {[%clk 0:00:19]} Ke5 {[%clk 0:00:09]} 149. Nd7+
{[%clk 0:00:20]} Kf5 {[%clk 0:00:10]} 150. Kd6 {[%clk 0:00:22]} Rd2+
{[%clk 0:00:12]} 151. Kc6 {[%clk 0:00:23]} Rd1 {[%clk 0:00:12]} 152. Nc5
{[%clk 0:00:25]} Ke5 {[%clk 0:00:13]} 153. Nd7+ {[%clk 0:00:26]} Ke6
{[%clk 0:00:14]} 154. Nc5+ Ke7 155. Ne4 {[%clk 0:00:28]} Rd4 {[%clk 0:00:14]}
156. Nc5 {[%clk 0:00:29]} Kf6 {[%clk 0:00:12]} 157. Nd7+ {[%clk 0:00:30]} Ke6
{[%clk 0:00:12]} 158. Nc5+ {[%clk 0:00:31]} Ke7 {[%clk 0:00:14]} 159. Nb7
{[%clk 0:00:28]} Rc4+ {[%clk 0:00:11]} 160. Kd5 {[%clk 0:00:28]} Rc1
{[%clk 0:00:12]} 161. Nc5 {[%clk 0:00:29]} Rd1+ {[%clk 0:00:13]} 162. Ke5
{[%clk 0:00:30]} Re1+ {[%clk 0:00:11]} 163. Kd5 {[%clk 0:00:31]} Kf6
{[%clk 0:00:12]} 164. Ne4+ {[%clk 0:00:32]} Kf5 {[%clk 0:00:14]} 165. Nd6+ Kf4
166. Nc4 {[%clk 0:00:35]} Rd1+ {[%clk 0:00:16]} 167. Kc5 {[%clk 0:00:36]} Ke4
{[%clk 0:00:16]} 168. Nd6+ {[%clk 0:00:37]} Ke5 {[%clk 0:00:17]} 169. Nc4+
{[%clk 0:00:38]} Ke6 {[%clk 0:00:19]} 170. Ne3 {[%clk 0:00:39]} Rd3
{[%clk 0:00:15]} 171. Nc4 {[%clk 0:00:40]} Rh3 {[%clk 0:00:15]} 172. Kd4
{[%clk 0:00:41]} Rh5 {[%clk 0:00:15]} 173. Ne3 {[%clk 0:00:42]} Rh4+
{[%clk 0:00:16]} 174. Kc5 {[%clk 0:00:43]} Rh3 {[%clk 0:00:16]} 175. Nc4
{[%clk 0:00:44]} Rd3 {[%clk 0:00:17]} 176. Nb6 {[%clk 0:00:44]} Ke5
{[%clk 0:00:13]} 177. Nc4+ {[%clk 0:00:45]} Ke4 {[%clk 0:00:14]} 178. Nd6+
{[%clk 0:00:46]} Ke3 {[%clk 0:00:15]} 179. Nf5+ {[%clk 0:00:47]} Kd2
{[%clk 0:00:16]} 180. Nd6 {[%clk 0:00:48]} Rh3 {[%clk 0:00:16]} 181. Kd4
{[%clk 0:00:47]} Rh4+ {[%clk 0:00:16]} 182. Kd5 {[%clk 0:00:46]} Kd3
{[%clk 0:00:17]} 183. Ke5 {[%clk 0:00:47]} Rh5+ {[%clk 0:00:17]} 184. Nf5
{[%clk 0:00:47]} Rg5 {[%clk 0:00:17]} 185. Kf4 {[%clk 0:00:48]} Rg8
{[%clk 0:00:17]} 186. Ke5 {[%clk 0:00:49]} Re8+ {[%clk 0:00:17]} 187. Kd5
{[%clk 0:00:50]} Ra8 {[%clk 0:00:18]} 188. Nd6 {[%clk 0:00:51]} Ra6
{[%clk 0:00:18]} 189. Nb7 {[%clk 0:00:47]} Rh6 {[%clk 0:00:17]} 190. Nc5+
{[%clk 0:00:48]} Ke3 {[%clk 0:00:18]} 1/2-1/2

[Event "Blitz 2018"]
[Site "Saint-Petersburg"]
[Date "2018.12.29"]
[Round "11"]
[Board "62"]
[White "Ragger Markus (AUT)"]
[Black "Levin Evgeny A. (RUS)"]
[Result "1-0"]
[LiveChessVersion "1.4.8"]
[BlackElo "2539"]
[WhiteElo "2677"]

1. e4 {[%clk 0:03:03]} d5 {[%clk 0:03:03]} 2. exd5 {[%clk 0:03:04]} Qxd5
{[%clk 0:03:04]} 3. Nc3 {[%clk 0:03:06]} Qd8 {[%clk 0:03:05]} 4. d4
{[%clk 0:03:06]} c6 {[%clk 0:03:06]} 5. Nf3 {[%clk 0:03:07]} Bg4 {[%clk 0:03:07]}
6. h3 {[%clk 0:03:08]} Bxf3 {[%clk 0:03:07]} 7. Qxf3 {[%clk 0:03:09]} e6
{[%clk 0:03:08]} 8. Be3 {[%clk 0:03:03]} Nd7 {[%clk 0:03:08]} 9. Rd1
{[%clk 0:03:03]} Ngf6 {[%clk 0:03:06]} 10. Bd3 {[%clk 0:03:04]} Be7
{[%clk 0:02:57]} 11. O-O {[%clk 0:03:04]} O-O {[%clk 0:02:57]} 12. Rfe1
{[%clk 0:03:01]} Nb6 {[%clk 0:02:56]} 13. Ne2 {[%clk 0:02:51]} Nbd5
{[%clk 0:02:53]} 14. Bd2 {[%clk 0:02:45]} Nb4 {[%clk 0:02:46]} 15. Bxb4
{[%clk 0:02:46]} Bxb4 {[%clk 0:02:48]} 16. c3 {[%clk 0:02:47]} Bd6
{[%clk 0:02:37]} 17. Bb1 {[%clk 0:02:42]} Qa5 {[%clk 0:02:24]} 18. Nf4
{[%clk 0:02:34]} Bxf4 {[%clk 0:02:00]} 19. Qxf4 {[%clk 0:02:35]} Rad8
{[%clk 0:01:58]} 20. Re5 {[%clk 0:02:34]} Rd5 {[%clk 0:01:58]} 21. Rd3
{[%clk 0:02:27]} Rfd8 {[%clk 0:01:36]} 22. Rf3 {[%clk 0:02:02]} Qa4
{[%clk 0:00:58]} 23. b3 {[%clk 0:01:51]} Qa3 {[%clk 0:00:54]} 24. Kh2
{[%clk 0:01:49]} Qb2 {[%clk 0:00:52]} 25. Bd3 {[%clk 0:01:49]} Qa3
{[%clk 0:00:34]} 26. Qh4 {[%clk 0:01:43]} h6 {[%clk 0:00:22]} 27. Bc4
{[%clk 0:01:09]} Ra5 {[%clk 0:00:09]} 28. b4 {[%clk 0:01:02]} 1-0

[Event "Blitz 2018"]
[Site "Saint-Petersburg"]
[Date "2018.12.29"]
[Round "11"]
[Board "63"]
[White "Bilguun Sumiya (MGL)"]
[Black "Postny Evgeny (ISR)"]
[Result "1-0"]
[LiveChessVersion "1.4.8"]
[BlackElo "2657"]
[WhiteElo "2469"]

1. e4 {[%clk 0:03:02]} e5 {[%clk 0:03:03]} 2. Nf3 {[%clk 0:03:02]} Nc6
{[%clk 0:03:04]} 3. Bc4 {[%clk 0:03:00]} Nf6 {[%clk 0:03:05]} 4. d3
{[%clk 0:03:01]} Bc5 {[%clk 0:03:06]} 5. O-O {[%clk 0:03:01]} d6 {[%clk 0:03:07]}
6. a4 {[%clk 0:03:01]} a5 {[%clk 0:03:07]} 7. h3 {[%clk 0:03:01]} h6
{[%clk 0:03:07]} 8. Re1 {[%clk 0:02:56]} O-O {[%clk 0:03:07]} 9. c3
{[%clk 0:02:51]} Ba7 {[%clk 0:03:04]} 10. Bb3 {[%clk 0:02:45]} Ne7
{[%clk 0:03:03]} 11. d4 {[%clk 0:02:43]} Ng6 {[%clk 0:03:03]} 12. Nbd2
{[%clk 0:02:43]} Re8 {[%clk 0:03:03]} 13. Bc2 {[%clk 0:02:40]} Bd7
{[%clk 0:02:43]} 14. Nf1 {[%clk 0:02:39]} c6 {[%clk 0:02:34]} 15. Ng3
{[%clk 0:02:40]} Qc7 {[%clk 0:02:31]} 16. Be3 {[%clk 0:02:19]} Rad8
{[%clk 0:02:31]} 17. dxe5 {[%clk 0:02:14]} Bxe3 {[%clk 0:02:27]} 18. exf6
{[%clk 0:02:15]} Ba7 {[%clk 0:02:23]} 19. fxg7 {[%clk 0:02:14]} Re6
{[%clk 0:01:19]} 20. Qd2 {[%clk 0:02:11]} Ne5 {[%clk 0:01:17]} 21. Nxe5
{[%clk 0:01:37]} dxe5 {[%clk 0:01:17]} 22. Rad1 {[%clk 0:01:37]} Rg6
{[%clk 0:01:12]} 23. Nf5 {[%clk 0:01:35]} Kh7 {[%clk 0:01:10]} 24. Bb3
{[%clk 0:01:29]} Bb6 {[%clk 0:00:59]} 25. Bxf7 {[%clk 0:01:27]} Bxf5
{[%clk 0:01:00]} 26. Qxd8 {[%clk 0:01:16]} Qxd8 {[%clk 0:00:57]} 27. Bxg6+
{[%clk 0:01:13]} Bxg6 {[%clk 0:00:55]} 28. Rxd8 {[%clk 0:01:02]} Bxd8
{[%clk 0:00:56]} 29. Rd1 {[%clk 0:01:03]} Bf6 {[%clk 0:00:46]} 30. Rd7
{[%clk 0:01:02]} Bxe4 {[%clk 0:00:43]} 31. Rxb7 {[%clk 0:01:03]} Bxg7
{[%clk 0:00:29]} 32. Ra7 {[%clk 0:01:04]} Kg6 {[%clk 0:00:17]} 33. Rxa5
{[%clk 0:01:05]} Kf5 {[%clk 0:00:10]} 34. Ra7 {[%clk 0:01:02]} Bf6
{[%clk 0:00:10]} 35. a5 {[%clk 0:01:02]} c5 {[%clk 0:00:11]} 36. a6
{[%clk 0:00:57]} Bd8 {[%clk 0:00:10]} 37. Rd7 {[%clk 0:00:48]} Bb6
{[%clk 0:00:11]} 38. Rd6 {[%clk 0:00:44]} Ba7 {[%clk 0:00:11]} 39. c4
{[%clk 0:00:44]} Ba8 {[%clk 0:00:06]} 40. Rd7 {[%clk 0:00:43]} Bb6
{[%clk 0:00:07]} 41. Rd6 {[%clk 0:00:44]} Ba7 {[%clk 0:00:09]} 42. Rd8
{[%clk 0:00:44]} Bc6 {[%clk 0:00:08]} 43. Rc8 {[%clk 0:00:44]} Be4
{[%clk 0:00:09]} 44. f3 {[%clk 0:00:45]} Bd3 {[%clk 0:00:10]} 45. Rc7
{[%clk 0:00:45]} Bb6 {[%clk 0:00:11]} 46. Rb7 {[%clk 0:00:44]} 1-0

[Event "Blitz 2018"]
[Site "Saint-Petersburg"]
[Date "2018.12.29"]
[Round "11"]
[Board "64"]
[White "Carlsson Pontus (SWE)"]
[Black "Amonatov Farrukh (TJK)"]
[Result "0-1"]
[LiveChessVersion "1.4.8"]
[BlackElo "2656"]
[WhiteElo "2511"]

1. e4 {[%clk 0:03:03]} c5 {[%clk 0:03:03]} 2. Nf3 {[%clk 0:03:04]} d6
{[%clk 0:03:04]} 3. Bb5+ {[%clk 0:03:05]} Nd7 {[%clk 0:03:04]} 4. d4
{[%clk 0:03:06]} Ngf6 {[%clk 0:03:04]} 5. Nc3 {[%clk 0:03:06]} cxd4
{[%clk 0:03:04]} 6. Qxd4 {[%clk 0:03:05]} e5 {[%clk 0:03:05]} 7. Qd3
{[%clk 0:03:05]} h6 {[%clk 0:03:06]} 8. Be3 {[%clk 0:03:00]} Be7 {[%clk 0:03:07]}
9. a4 {[%clk 0:02:57]} O-O {[%clk 0:03:07]} 10. O-O {[%clk 0:02:48]} Qc7
{[%clk 0:03:05]} 11. Bc4 {[%clk 0:02:47]} Nc5 {[%clk 0:03:01]} 12. Bxc5
{[%clk 0:02:47]} Qxc5 {[%clk 0:03:02]} 13. Nd5 {[%clk 0:02:39]} Nxd5
{[%clk 0:03:02]} 14. Bxd5 {[%clk 0:02:36]} a6 {[%clk 0:02:57]} 15. c3
{[%clk 0:02:32]} Rb8 {[%clk 0:02:57]} 16. b4 {[%clk 0:02:30]} Qc7
{[%clk 0:02:58]} 17. a5 {[%clk 0:02:21]} Kh8 {[%clk 0:02:58]} 18. Nd2
{[%clk 0:02:21]} Bd7 {[%clk 0:02:57]} 19. Rfd1 {[%clk 0:02:15]} Rbc8
{[%clk 0:02:52]} 20. c4 {[%clk 0:02:03]} g6 {[%clk 0:02:52]} 21. Qe3
{[%clk 0:01:58]} Kg7 {[%clk 0:02:53]} 22. Qb6 {[%clk 0:01:58]} Qxb6
{[%clk 0:02:44]} 23. axb6 {[%clk 0:01:59]} Bc6 {[%clk 0:02:45]} 24. Ra5
{[%clk 0:01:34]} Bxd5 {[%clk 0:02:26]} 25. exd5 {[%clk 0:01:04]} Rfd8
{[%clk 0:02:21]} 26. b5 {[%clk 0:00:51]} axb5 {[%clk 0:02:19]} 27. cxb5
{[%clk 0:00:48]} Rc2 {[%clk 0:01:58]} 28. Ra7 {[%clk 0:00:43]} Rd7
{[%clk 0:01:54]} 29. Ra8 {[%clk 0:00:21]} Bd8 {[%clk 0:01:51]} 30. Nf1
{[%clk 0:00:16]} Bxb6 {[%clk 0:01:50]} 31. Rd2 {[%clk 0:00:15]} Rdc7
{[%clk 0:01:43]} 32. Ra2 {[%clk 0:00:11]} Rxa2 {[%clk 0:01:33]} 33. Rxa2
{[%clk 0:00:12]} Rc5 {[%clk 0:01:34]} 34. g3 {[%clk 0:00:07]} Rxb5
{[%clk 0:01:29]} 35. Rd2 {[%clk 0:00:07]} Bd4 {[%clk 0:01:29]} 36. Kg2
{[%clk 0:00:06]} f5 {[%clk 0:01:24]} 37. Ne3 {[%clk 0:00:03]} Bxe3
{[%clk 0:01:24]} 38. fxe3 {[%clk 0:00:04]} e4 {[%clk 0:01:23]} 39. Rc2
{[%clk 0:00:05]} Kf6 {[%clk 0:01:23]} 40. Rc7 {[%clk 0:00:06]} Rxd5
{[%clk 0:01:21]} 41. Rxb7 {[%clk 0:00:07]} Rd2+ {[%clk 0:01:22]} 42. Kh3
{[%clk 0:00:07]} Re2 {[%clk 0:01:08]} 43. Rb3 {[%clk 0:00:04]} g5
{[%clk 0:01:08]} 44. g4 {[%clk 0:00:05]} f4 {[%clk 0:01:09]} 45. exf4
{[%clk 0:00:00]} Ke5 0-1

[Event "Blitz 2018"]
[Site "Saint-Petersburg"]
[Date "2018.12.29"]
[Round "11"]
[Board "65"]
[White "Piorun Kacper (POL)"]
[Black "Goganov Aleksey (RUS)"]
[Result "1/2-1/2"]
[LiveChessVersion "1.4.8"]
[BlackElo "2539"]
[WhiteElo "2646"]

1. e4 {[%clk 0:03:03]} e5 {[%clk 0:03:03]} 2. Nf3 {[%clk 0:03:04]} Nc6
{[%clk 0:03:04]} 3. Bc4 {[%clk 0:03:05]} Bc5 {[%clk 0:03:05]} 4. c3
{[%clk 0:03:05]} Nf6 {[%clk 0:03:06]} 5. d3 {[%clk 0:03:06]} d6 {[%clk 0:03:05]}
6. a4 {[%clk 0:03:07]} a6 {[%clk 0:03:03]} 7. Na3 {[%clk 0:03:06]} h6
{[%clk 0:02:50]} 8. Nc2 {[%clk 0:03:03]} O-O {[%clk 0:02:50]} 9. O-O
{[%clk 0:03:01]} Ne7 {[%clk 0:02:49]} 10. Be3 {[%clk 0:02:59]} Ng6
{[%clk 0:02:45]} 11. b4 {[%clk 0:02:52]} Bxe3 {[%clk 0:02:43]} 12. Nxe3
{[%clk 0:02:53]} c6 {[%clk 0:02:41]} 13. Bb3 {[%clk 0:02:45]} d5 {[%clk 0:02:41]}
14. Qc2 {[%clk 0:02:37]} Be6 {[%clk 0:02:39]} 15. Rad1 {[%clk 0:02:17]} Qc7
{[%clk 0:02:40]} 16. Nd2 {[%clk 0:01:48]} Rfd8 {[%clk 0:02:33]} 17. g3
{[%clk 0:01:41]} a5 {[%clk 0:02:31]} 18. Ng2 {[%clk 0:01:17]} Nf8
{[%clk 0:02:12]} 19. Kh1 {[%clk 0:01:13]} dxe4 {[%clk 0:01:49]} 20. Nxe4
{[%clk 0:01:14]} Nxe4 {[%clk 0:01:47]} 21. dxe4 {[%clk 0:01:14]} c5
{[%clk 0:01:43]} 22. Bxe6 {[%clk 0:01:09]} Nxe6 {[%clk 0:01:43]} 23. b5
{[%clk 0:01:10]} c4 {[%clk 0:01:25]} 24. Ne3 {[%clk 0:01:11]} Qc5
{[%clk 0:01:13]} 25. Kg2 {[%clk 0:00:58]} Rac8 {[%clk 0:01:02]} 26. Nd5
{[%clk 0:00:48]} Nc7 {[%clk 0:00:55]} 27. Ne3 {[%clk 0:00:31]} Na8
{[%clk 0:00:56]} 28. Rd5 {[%clk 0:00:30]} Qc7 {[%clk 0:00:46]} 29. Rxd8+
{[%clk 0:00:29]} Rxd8 {[%clk 0:00:47]} 30. Nd5 {[%clk 0:00:29]} Qc5
{[%clk 0:00:45]} 31. Qe2 {[%clk 0:00:29]} Nc7 {[%clk 0:00:41]} 32. Ne3
{[%clk 0:00:30]} Rd3 {[%clk 0:00:42]} 33. Rc1 {[%clk 0:00:22]} Ne6
{[%clk 0:00:36]} 34. Qa2 {[%clk 0:00:20]} Rxe3 {[%clk 0:00:23]} 35. fxe3
{[%clk 0:00:20]} Qxe3 {[%clk 0:00:23]} 36. Qc2 {[%clk 0:00:19]} Ng5
{[%clk 0:00:24]} 37. Rf1 Nxe4 {[%clk 0:00:18]} 38. Rf3 {[%clk 0:00:14]} Qe1
{[%clk 0:00:14]} 39. Rf1 {[%clk 0:00:10]} Qe3 {[%clk 0:00:15]} 40. Rf3
{[%clk 0:00:11]} Qe1 {[%clk 0:00:17]} 41. Rf1 {[%clk 0:00:08]} 1/2-1/2